MARC

LEADER 00000nas a2200000 a 4500
001 ssj0013268
003 WaSeSS
005 20200512172242.0
006 m d
007 cr n
008 000726c19959999mauqr pss a 0 a0eng c
010 |a  2005214346 
022 |a 1559-3126  |l 1095-158X  |y 1095-158X 
035 |a (WaSeSS)ssj0013268 
037 |b P.O. Box 1831, Birmingham, AL 35201-1831 
040 |a UV$  |b eng  |c UV$  |d OCL  |d OCLCQ  |d NSD  |d PFM  |d OCLCQ  |d OCLCA  |d OCLCQ  |d OCLCA  |d OCLCF  |d VT2  |d OCLCQ  |d WT2  |d OCLCQ  |d APUMS  |d U3W  |d OCLCO  |d OCLCQ  |d OCLCO  |d AU@  |d OCLCO  |d WYU  |d OCLCO  |d CNTRU  |d OCLCQ  |d OCLCO  |d WaSeSS 
042 |a pcc  |a nsdp 
050 4 |a RC1  |b .P974 
082 1 0 |a 362.2  |2 14 
130 0 |a Psychiatric rehabilitation journal (Online) 
210 0 |a Psychiatr. rehabil. j.  |b (Online) 
222 0 |a Psychiatric rehabilitation journal  |b (Online) 
245 1 0 |a Psychiatric rehabilitation journal  |h [electronic resource]. 
260 |a [Boston] :  |b Center for Psychiatric Rehabilitation, Boston University 
310 |a Quarterly 
362 1 |a Print began with vol. 19, no. 1 (summer 1995). 
506 |a License restrictions may limit access. 
538 |a Mode of access: World Wide Web. 
550 |a "A journal of the International Association of Psychosocial Rehabilitation Services and the Department of Rehabilitation Counseling, Sargent College of Allied Health Professions, Boston University." 
580 |a Formed by the union of: Psychosocial rehabilitation journal, and: Innovations & research in clinical services, community support, and rehabilitation. 
588 0 |a Vol. 26, no. 1 (summer 2002) (MetaPress Web site, viewed May 23, 2007). 
588 1 |a Vol. 30, no. 4 (spring 2007) (viewed May 23, 2007). 
650 0 |a Mentally ill  |x Rehabilitation  |v Periodicals. 
650 0 |a Mentally ill  |x Services for  |v Periodicals. 
650 0 |a Mental illness  |v Abstracts  |v Periodicals. 
650 2 |a Mental Disorders  |x rehabilitation. 
650 2 |a Mental Health Services. 
650 7 |a Mental illness.  |2 fast  |0 (OCoLC)fst01016547 
650 7 |a Mentally ill  |x Rehabilitation.  |2 fast  |0 (OCoLC)fst01016757 
650 7 |a Mentally ill  |x Services for.  |2 fast  |0 (OCoLC)fst01016763 
655 0 |a Electronic journals. 
710 2 |a International Association of Psychosocial Rehabilitation Services. 
710 2 |a Sargent College of Allied Health Professions.  |b Department of Rehabilitation Counseling. 
776 1 |a Psychiatric rehabilitation journal  |x 1095-158X  |w (DLC) 96657509  |w (OCoLC)33275221 
780 1 4 |t Psychosocial rehabilitation journal (Online)  |w (OCoLC)60617821 
780 1 4 |t Innovations & research in clinical services, community support, and rehabilitation 
856 4 0 |z Full text available from Research Library: 01/01/1998 to 07/31/2006  |u https://search.proquest.com/publication/31914